000 00644cam a22002293a 4500
001 9871
003 PGUSA
005 20140828083217.0
008 060201s2006||||xxu|||||s|||||000 1 eng d
040 _aPGUSA
_beng
042 _adc
050 4 _aPR
100 1 _aOppenheim, E. Phillips
_q(Edward Phillips),
_d1866-1946
245 1 4 _aThe Avenger
_h[electronic resource] /
_cE. Phillips Oppenheim
260 _bProject Gutenberg,
_c2006
506 _aPublic domain in the USA.
516 _aElectronic text
653 _aMystery fiction
830 0 _aProject Gutenberg
_v9871
856 4 0 _uhttp://www.gutenberg.org/ebooks/9871
942 _cEB
999 _c239127
_d239127